000
00324cam a2200133ua 4500
041
_a
mal
_h
082
_a
894.812 308
_b
SUB/AA
100
_a
Subhadra, Parameswaran .
245
_a
Aayiram ravukal, Bagam 2 /
_c
Subhadra Parameswaran.
_h
Textual Documents
300
_a
; .
504
_a
942
_c
BK
999
_c
7244
_d
7244